| 000 -LEADER | |
|---|---|
| fixed length control field | 00425nam a22001817a 4500 |
| 005 - DATE AND TIME OF LATEST TRANSACTION | |
| control field | 20170920123350.0 |
| 008 - FIXED-LENGTH DATA ELEMENTS--GENERAL INFORMATION | |
| fixed length control field | 160916b xxu||||| |||| 00| 0 eng d |
| 020 ## - INTERNATIONAL STANDARD BOOK NUMBER | |
| ISBN | 978-93-325-5508-2 |
| 041 ## - LANGUAGE CODE | |
| Language code of text/sound track or separate title | eng |
| 082 ## - DEWEY DECIMAL CLASSIFICATION NUMBER | |
| Classification number | 621.3822 |
| 100 ## - MAIN ENTRY--AUTHOR NAME | |
| Personal name | STREETMAN , BEN G |
| 245 ## - TITLE STATEMENT | |
| Title | SOLID STATE ELECTRONIC DIVICES |
| 250 ## - EDITION STATEMENT | |
| Edition statement | 6th |
| 260 ## - PUBLICATION, DISTRIBUTION, ETC. (IMPRINT) | |
| Name of publisher | PEARSON |
| Year of publication | 2016 |
| 300 ## - PHYSICAL DESCRIPTION | |
| Number of Pages | 581 |
| 650 ## - SUBJECT ADDED ENTRY--TOPICAL TERM | |
| Topical Term | ENGINEERING |
| 942 ## - ADDED ENTRY ELEMENTS (KOHA) | |
| Koha item type | Books |
| Lost status | Damaged status | Collection code | Home library | Current library | Shelving location | Date acquired | Source of acquisition | Cost, normal purchase price | Full call number | Accession Number | Koha item type |
|---|---|---|---|---|---|---|---|---|---|---|---|
| Reference | JRU Library | SHELF -72- F | 16/09/2016 | PURCHASE | 539.00 | 621.3822 | 21241 | Books | |||
| MINING | JRU Library | JRU Library | SHELF-58-F | 16/09/2016 | PURCHASE | 539.00 | 621.3822 | 21242 | Books | ||
| MINING | JRU Library | JRU Library | SHELF-58-F | 16/09/2016 | PURCHASE | 539.00 | 621.3822 | 21243 | Books | ||
| JRU Library | SHELF-35-J | 20/09/2017 | Purchase | 589.00 | 621.3822 | 22044 | Books | ||||
| JRU Library | SHELF-35-J | 20/09/2017 | Purchase | 589.00 | 621.3822 | 22045 | Books |